000 02545nam a2200733 i 4500
001 nkc20253673629
003 CZ PrSKC
005 20260415124033.0
007 ta
008 250220s2024 xr a e 000 0 cze
015 _acnb003673629
020 _a9788088366522
_q(brožováno)
035 _a(OCoLC)1514347430
040 _aOLA001
_bcze
_dABA001
_erda
041 1 _acze
_aeng
_hcze
043 _ae-xr---
045 _ay-y-
072 7 _a72/76
_xVýtvarné umění
_2Konspekt
080 _a72/76:159.931
_2MRF
080 _a7.036/.038
_2MRF
080 _a615.214
_2MRF
080 _a616-08
_2MRF
080 _a7.04
_2MRF
080 _a(437.3)
_2MRF
080 _a(084.11)
_2MRF
100 1 _aLáníková, Kristina,
_d1988-
_4aut
245 1 0 _aLéčení =
_bTreatment /
_cKristina Láníková ; překlad do angličtiny Nathan Fields
246 3 1 _aTreatment
264 1 _a[Praha] :
_bAkademie výtvarných umění v Praze,
_c2024
300 _a167 stran :
_bbarevné ilustrace ;
_c24 cm +
_e1 list (30 x 21 cm složeno na 15 x 6 cm)
336 _atext
_btxt
_2rdacontent
336 _astatický obraz
_bsti
_2rdacontent
337 _abez média
_bn
_2rdamedia
338 _asvazek
_bnc
_2rdacarrier
338 _alist
_bnb
_2rdacarrier
500 _aNa obálce přilepen list z poznámkového bločku
520 2 _aObrazová publikace zpřístupňuje uměleckou dokumentaci, prostřednictvím které autorka zpracovává zkušenost s užíváním psychofarmak a překonáváním psychických obtíží. Obsahuje náčrty, fotografie, rukopisné vzkazy či asambláže.
546 _aSouběžný anglický text (v příloze)
600 1 7 _aLáníková, Kristina,
_d1988-
_2czenas
648 7 _a21. století
_2czenas
650 0 7 _avizuální umění
_zČesko
_y21. století
_2czenas
650 0 7 _amoderní umění
_zČesko
_2czenas
650 0 7 _apsychofarmaka
_2czenas
650 0 7 _aterapie
_2czenas
650 0 7 _aumělecké náměty
_2czenas
650 0 9 _avisual art
_zCzechia
_y21st century
_2eczenas
650 0 9 _amodern art
_zCzechia
_2eczenas
650 0 9 _apsychotropic drugs
_2eczenas
650 0 9 _atherapy
_2eczenas
650 0 9 _aartistic themes
_2eczenas
655 7 _aobrazové publikace
_2czenas
655 9 _apictorial works
_2eczenas
700 1 _aFields, Nathan,
_d1977-
_4trl
900 _b19
910 _aABA001
910 _aABG001
910 _aBOA001
910 _aKLG001
910 _aLIA001
910 _aOLA001
910 _aOSA001
910 _aPNA001
942 _2ddc
_cKNIHA
_n0
999 _c1868
_d1868